| 000 | 00758nam a2200181 a 4500 | ||
|---|---|---|---|
| 008 | 070627s2007 ||||||||||||||||| || u | ||
| 050 | _aIBRD(08) | ||
| 100 | _aSmith, Robert | ||
| 245 | 1 | 4 | _aThe link between health, social issues, and secondary education : life skills, health, and civic education |
| 260 |
_aWashington, D. C.: _bWorld Bank _c2007 |
||
| 300 | _axiv, 72p.:ill. | ||
| 350 | _a0.00 | ||
| 490 | _aAfrica Human Development Series | ||
| 650 | _aRESEARCH COLLABORATION | ||
| 650 | _aHEALTH--RESEARCH--SOCIAL ISSUES | ||
| 650 | _aHEALTH--RESEARCH--SECONDARY EDUCATION | ||
| 995 |
_D0.00 _FCBU-MAIN LIBRARY (Kitwe) _H1 _I0.00 _M1 _UAVAILABLE _WJun 27, 2007 _ZInternational Publications |
||
| 999 |
_c49327 _d49327 |
||